| 000 | 00675nam a22002057a 4500 | ||
|---|---|---|---|
| 999 |
_c5560 _d5560 |
||
| 005 | 20251009100831.0 | ||
| 008 | 251009b ||||| |||| 00| 0 eng d | ||
| 020 | _a9781782099680 | ||
| 040 | _cKH8 | ||
| 082 | _a423 KEL | ||
| 100 |
_aKELLY,MILES _eAUTHOR _lENGLISH |
||
| 245 | _aJUNIOR DICTIONARY | ||
| 260 |
_aHARDING'S BARN,BARDFIELD END GREEN,THAXTED,ESSEX,CM6 3PX,UK _bMILES KELLY PUBLISHING LTD _c2016 |
||
| 300 |
_a192 pages _bcolour illustrations _c29 cm x 22 cm |
||
| 500 | _a“Fully illustrated dictionary intended for children.” | ||
| 650 | _2Dictionaries | ||
| 655 | _aIllustrated dictionaries | ||
| 700 |
_aKelly,Richard _eIllustrator |
||
| 942 |
_2ddc _cNFIC |
||